书目信息 |
| 题名: |
计算方法教程
|
|
| 作者: | 陈明逵 , 凌永祥 著 | |
| 分册: | 工程类 | |
| 出版信息: | 西安 西安交通大学出版社 1992.6 |
|
| 页数: | 315页 | |
| 开本: | 20cm | |
| 丛书名: | ||
| 单 册: | ||
| 中图分类: | O241 | |
| 科图分类: | 51.81 | |
| 主题词: | 计算方法--研究生--教材 | |
| 电子资源: | ||
| ISBN: | 7-5605-0470-1 | |
| 000 | 01149nam0 2200289 45 | |
| 001 | 0193016093 | |
| 005 | 20070724111309.53 | |
| 010 | @a7-5605-0470-1@dCNY11.00 | |
| 100 | @a19800101d1992 em y0chiy0121 ea | |
| 101 | 0 | @achi |
| 102 | @aCN@b610000 | |
| 105 | @ay z 000yu | |
| 200 | 10 | @a计算方法教程@AJI SUAN FANG FA JIAO CHENG@i工程类@IGONG CHENG LEI@f陈明逵,凌永祥[著]@FCHEN MING KUI , LING YONG XIANG [ ZHU ] |
| 210 | @a西安@c西安交通大学出版社@d1992.6@h1996 | |
| 215 | @a315页@d20cm | |
| 300 | @a研究生教材 | |
| 314 | @a陈明逵(1940~ ),西安交通大学数学系副教授,中国计算数学学会并行算法专业委员会委员 | |
| 314 | @a凌永祥(1946~ ),西安交通大学任教 | |
| 330 | @a介绍用数字电子计算机求实践中常见问题数值解的有效方法、又对数值计算中可能出现的问题及其处理方法给以足够的重视和分析,并配以较多的数值计算例子。以说明主要概念,方法和理及其应用。 | |
| 540 | 1 | @a计算 方法 工程类@AJI SUAN FANG FA GONG CHENG LEI |
| 606 | @a计算方法@x研究生@x教材 | |
| 690 | @aO241@v三版 | |
| 692 | @a51.81 | |
| 701 | 0 | @a陈明逵@ACHEN MING KUI@4著 |
| 701 | 0 | @a凌永祥@ALING YONG XIANG@4著 |
| 801 | 0 | @aCN@bTSSF@c20070724 |
| 905 | @a10447@dO241@e154 | |
| 计算方法教程.工程类/陈明逵,凌永祥[著].-西安:西安交通大学出版社,1992.6(1996) |
| 315页;20cm |
| 研究生教材 |
| ISBN 7-5605-0470-1:CNY11.00 |
| 介绍用数字电子计算机求实践中常见问题数值解的有效方法、又对数值计算中可能出现的问题及其处理方法给以足够的重视和分析,并配以较多的数值计算例子。以说明主要概念,方法和理及其应用。 |
| ● |
| 相关链接 |
|
|
|
|
正题名:计算方法教程
索取号:O241/154
 
预约/预借
| 序号 | 登录号 | 条形码 | 馆藏地/架位号 | 状态 | 备注 |
| 1 | 0766314 | 207663143 | 第二样本阅览室/ [索取号:O241/154] | 在馆 |